Manual de enseñanza moral
Salvato in:
| Autore principale: | |
|---|---|
| Natura: | Sconosciuto |
| Lingua: | spagnolo |
| Pubblicazione: |
México
Herrero Hermanos y Sucesores
1892
|
| Catalogo: | MANES: Risultati della ricerca del catalogo della biblioteca |
| Libro di testo Classificazione: |
|
| Tags: |
Aggiungi Tag
Nessun Tag, puoi essere il primo ad aggiungerne!!
|
| Aggiunto a: | 2016-04-26 |
| Cambiato in: | 2025-05-08 |
MARC
| LEADER | 000000000a22000000004500 | ||
|---|---|---|---|
| 001 | 20784 | ||
| 003 | OSt | ||
| 005 | 20250508091957.0 | ||
| 008 | 160427s sp ||||| |||| 00| 0 spa d | ||
| 040 | |c centro_manes | ||
| 041 | |a spa | ||
| 050 | 0 | 0 | |a LTA BJ1143|bE34 |
| 100 | 1 | |a Echeverria, Esteban D |9 17518 | |
| 245 | 0 | 0 | |a Manual de enseñanza moral |
| 260 | 3 | |a México |b Herrero Hermanos y Sucesores |c 1892 | |
| 300 | |a 73 |c 18.6 x 12.4 cm | ||
| 500 | |a Este libro pretende contribuir a la formación de las personas, presentando entre sus hojas algunas reglas morales, como lo son: El comportamiento ante la sociedad, con los padres entre otros esto con la finalidad de formar buenos ciudadanos. | ||
| 546 | |a México | ||
| 561 | |5 mx-CINVES |a México. DIE-Cinvestav (Ciudad de México) |k MANES | ||
| 690 | 0 | |a RyM | |
| 691 | 0 | |a PRI | |
| 942 | |2 lcc |c BK | ||
| 999 | |c 37985 |d 37985 | ||
| 999 | |c manes:37985 |d 37985 | ||